UM Logo

Chinese scientist claims world's first genetically edited babies. (Record no. 13474)

MARC details
000 -LEADER
fixed length control field 00337nam a2200109 4500
008 - FIXED-LENGTH DATA ELEMENTS--GENERAL INFORMATION
fixed length control field 190327b ||||| |||| 00| 0 eng d
245 ## - TITLE STATEMENT
Title Chinese scientist claims world's first genetically edited babies.
260 ## - PUBLICATION, DISTRIBUTION, ETC. (IMPRINT)
Place of publication, distribution, etc. Philippines
Name of publisher, distributor, etc. Philippine Daily Inquirer
Date of publication, distribution, etc. c2018
300 ## - PHYSICAL DESCRIPTION
Extent page A12.
650 #0 - SUBJECT ADDED ENTRY--TOPICAL TERM
9 (RLIN) 37704
Topical term or geographic name as entry element Explorers.
942 ## - ADDED ENTRY ELEMENTS (KOHA)
Source of classification or shelving scheme Dewey Decimal Classification
Koha item type Periodicals
Holdings
Withdrawn status Lost status Source of classification or shelving scheme Damaged status Not for loan Collection code Home library Current library Date acquired Total Checkouts Date last seen Price effective from Koha item type Public note
    Dewey Decimal Classification     Periodicals UM Digos College - LIC UM Digos College - LIC 03/27/2019   03/27/2019 03/27/2019 Periodicals Newspaper Clippings